[Event "Junior Online 4NCL Division 5"]
[Site "online"]
[Date "2020.05.07"]
[Round "4.41"]
[White "Terrado, Rhianne"]
[Black "Norton, Laurence"]
[Result "0-1"]
[WhiteElo "1120"]
[BlackElo "887"]
[PlyCount "132"]
[EventDate "2020.05.07"]
[WhiteTeam "Ojays H"]
[BlackTeam "Leicestershire Juniors 4"]

1. e4 e5 2. Bc4 Nf6 3. Nc3 Nc6 4. Nf3 Bc5 5. Ng5 O-O 6. d3 d6 7. Qe2 Nd4 8. Qd2
Qd7 9. Qd1 Qg4 10. Qxg4 Nxg4 11. Nxf7 Nxc2+ 12. Kd2 Nxa1 13. Nh6+ Kh8 14. Nf7+
Kg8 15. Nxe5+ Kh8 16. Nf7+ Rxf7 17. Bxf7 Nxf2 18. Rf1 Bd7 19. Ke2 Ng4 20. h3
Ne5 21. Bd5 c6 22. Bg5 cxd5 23. exd5 h6 24. Be7 Re8 25. Bh4 Ng6+ 26. Kd2 Nxh4
27. Rxa1 Nxg2 28. Rf1 Bxh3 29. Ne4 Bb4+ 30. Nc3 Bxc3+ 31. bxc3 b5 32. a3 a5 33.
Rf2 g5 34. c4 bxc4 35. dxc4 h5 36. Rf6 g4 37. Rh6+ Kg7 38. Rxd6 g3 39. c5 Nf4
40. Rb6 Re2+ 41. Kc3 g2 42. Rb1 Nxd5+ 43. Kd3 Nf4+ 44. Kd4 Rf2 45. Ke3 Rf1 46.
Rxf1 gxf1=Q 47. c6 Nd5+ 48. Kd4 Qd1+ 49. Ke5 Qa1+ 50. Kd6 Qf6+ 51. Kxd5 Bg2+
52. Kc5 Qxc6+ 53. Kd4 Qd5+ 54. Kc3 Qe4 55. a4 Kf6 56. Kb3 Ke5 57. Kc3 Kd5 58.
Kb3 Kc5 59. Kc3 Qb4+ 60. Kd3 Qd4+ 61. Ke2 Bf1+ 62. Kxf1 Qb2 63. Ke1 Qg2 64. Kd1
Kb4 65. Ke1 Kc3 66. Kd1 Qf1# 0-1

[Event "Junior Online 4NCL Division 5"]
[Site "online"]
[Date "2020.05.07"]
[Round "4.42"]
[White "Sehgal, Garv"]
[Black "Rivera Machens, Rafael"]
[Result "0-1"]
[WhiteElo "782"]
[BlackElo "1067"]
[PlyCount "22"]
[EventDate "2020.05.07"]
[WhiteTeam "Leicestershire Juniors 4"]
[BlackTeam "Ojays H"]

1. e4 c5 2. c4 Nc6 3. Nf3 d6 4. Bd3 Bg4 5. O-O Nd4 6. Nc3 Nxf3+ 7. gxf3 Bh5 8.
Qe2 Qd7 9. e5 Qh3 10. exd6 Bxf3 11. Qe3 Qg2# 0-1

[Event "Junior Online 4NCL Division 5"]
[Site "online"]
[Date "2020.05.07"]
[Round "4.45"]
[White "Wakelin, Sam"]
[Black "Bett, Joshua"]
[Result "1-0"]
[WhiteElo "887"]
[BlackElo "906"]
[PlyCount "41"]
[EventDate "2020.05.07"]
[WhiteTeam "Leicestershire Juniors 5"]
[BlackTeam "Friar Tucks"]

1. d4 d6 2. Nc3 e5 3. e3 exd4 4. Qxd4 Nc6 5. Qd1 Nb4 6. Be2 Bf5 7. Bh5 Nxc2+ 8.
Ke2 Nxa1 9. Qd5 g6 10. Bf3 Be6 11. Qe4 Qg5 12. Nh3 Qe5 13. Qxb7 Bc4+ 14. Ke1
Bd5 15. Nxd5 Ne7 16. Qxa8+ Kd7 17. Bg4+ Nf5 18. Qb7 Ke6 19. Ng5+ Kd7 20. Qxc7+
Ke8 21. Qc8# 1-0

[Event "Junior Online 4NCL Division 5"]
[Site "online"]
[Date "2020.05.07"]
[Round "4.47"]
[White "Garg, Aarav"]
[Black "Tumurugoti, Vaed"]
[Result "1-0"]
[WhiteElo "850"]
[BlackElo "865"]
[PlyCount "49"]
[EventDate "2020.05.07"]
[WhiteTeam "Leicestershire Juniors 5"]
[BlackTeam "Friar Tucks"]

1. e4 e5 2. Nf3 Nc6 3. d4 f6 4. dxe5 fxe5 5. Bg5 Nge7 6. h4 h6 7. Bxe7 Bxe7 8.
Bc4 Na5 9. Qd5 Rf8 10. Qxa5 b6 11. Qxe5 d6 12. Qh5+ Kd7 13. Nc3 Rb8 14. Nd5 g6
15. Qxg6 Kc6 16. Nxe7+ Qxe7 17. Bd5+ Kd7 18. O-O c6 19. Ne5+ Qxe5 20. f4 Qxe4
21. Bxe4 Ba6 22. Bf5+ Ke7 23. Qe6+ Kd8 24. Rfe1 Bc8 25. Qe7# 1-0

[Event "Junior Online 4NCL Division 5"]
[Site "online"]
[Date "2020.05.07"]
[Round "4.48"]
[White "Golding, Daniel"]
[Black "Syed, Adeeb"]
[Result "0-1"]
[WhiteElo "700"]
[BlackElo "842"]
[PlyCount "66"]
[EventDate "2020.05.07"]
[WhiteTeam "Friar Tucks"]
[BlackTeam "Leicestershire Juniors 5"]

1. e4 e5 2. Bc4 Nf6 3. d3 Bc5 4. Nf3 d6 5. O-O O-O 6. Bg5 h6 7. Bxf6 Qxf6 8.
Nc3 Be6 9. Bxe6 fxe6 10. Qe2 d5 11. Rae1 dxe4 12. dxe4 Bd4 13. Nxd4 exd4 14.
Nb5 Nc6 15. Nxc7 Rac8 16. Nb5 Rcd8 17. Nxa7 Nxa7 18. c3 dxc3 19. bxc3 Qxc3 20.
Rc1 Qa3 21. Rc7 Qa5 22. Rxb7 Rd2 23. Qe3 Rxa2 24. Rxa7 Qxa7 25. Qxa7 Rxa7 26.
Rd1 Ra2 27. h3 Rfxf2 28. Rd8+ Kh7 29. Re8 Rxg2+ 30. Kf1 Raf2+ 31. Ke1 Re2+ 32.
Kd1 Ra2 33. Rxe6 Rg1# 0-1

[Event "Junior Online 4NCL Division 5"]
[Site "online"]
[Date "2020.05.07"]
[Round "4.49"]
[White "Bett, Joshua"]
[Black "Wakelin, Sam"]
[Result "1/2-1/2"]
[WhiteElo "906"]
[BlackElo "887"]
[PlyCount "25"]
[EventDate "2020.05.07"]
[WhiteTeam "Friar Tucks"]
[BlackTeam "Leicestershire Juniors 5"]

1. e4 d5 2. e5 e6 3. Qh5 Bb4 4. Qf3 Nh6 5. Nh3 Nf5 6. Qh5 Nh4 7. Ng5 g6 8. Qxh4
h6 9. Nf3 h5 10. Qxb4 b6 11. Qb5+ c6 12. Qe2 Ba6 13. Qe3 1/2-1/2

[Event "Junior Online 4NCL Division 5"]
[Site "online"]
[Date "2020.05.07"]
[Round "4.50"]
[White "Dahi, Varad Prakash"]
[Black "Liu, Lucy"]
[Result "1-0"]
[WhiteElo "955"]
[BlackElo "887"]
[PlyCount "105"]
[EventDate "2020.05.07"]
[WhiteTeam "Leicestershire Juniors 5"]
[BlackTeam "Friar Tucks"]

1. e4 e5 2. Nf3 Nc6 3. Nc3 Bc5 4. Bc4 a6 5. O-O b5 6. Be2 Nf6 7. d3 O-O 8. Bg5
d6 9. Bxf6 Qxf6 10. Qd2 Be6 11. Qg5 Qxg5 12. Nxg5 Bd7 13. Nf3 Rfe8 14. Rab1 Bg4
15. Rbd1 Nd4 16. Nxd4 Bxe2 17. Ndxe2 b4 18. Nd5 Rad8 19. Nxc7 Re7 20. Nxa6 Bb6
21. Nxb4 Bc5 22. Nd5 Re6 23. Nc7 Rg6 24. Na6 Bd4 25. Nxd4 exd4 26. c3 dxc3 27.
bxc3 h6 28. Rde1 d5 29. exd5 Rxd5 30. Re8+ Kh7 31. Re3 Rdg5 32. Rg3 Ra5 33.
Rxg6 fxg6 34. Nc7 Rxa2 35. Ne6 Rd2 36. Nf8+ Kh8 37. Nxg6+ Kg8 38. Ne7+ Kf8 39.
Ng6+ Kg8 40. Ne5 Re2 41. d4 Rc2 42. d5 Rxc3 43. Rd1 Rc8 44. Nc6 Ra8 45. d6 Rc8
46. d7 Rd8 47. Nxd8 Kf8 48. Ne6+ Kf7 49. d8=Q Kxe6 50. Qd6+ Kf7 51. Qa6 g5 52.
Rd7+ Kf8 53. Qa8# 1-0

[Event "Junior Online 4NCL Division 5"]
[Site "online"]
[Date "2020.05.07"]
[Round "4.51"]
[White "Tumurugoti, Vaed"]
[Black "Garg, Aarav"]
[Result "0-1"]
[WhiteElo "865"]
[BlackElo "850"]
[PlyCount "140"]
[EventDate "2020.05.07"]
[WhiteTeam "Friar Tucks"]
[BlackTeam "Leicestershire Juniors 5"]

1. f4 Nf6 2. Nf3 Nc6 3. d4 d5 4. Nc3 Bf5 5. a3 e6 6. Be3 Bd6 7. Rc1 O-O 8. g3
Ne4 9. Bg2 Nxc3 10. bxc3 b5 11. Rb1 Rb8 12. Rb2 a5 13. Qb1 b4 14. cxb4 axb4 15.
a4 Qc8 16. O-O Qb7 17. c3 b3 18. Rc1 Ba3 19. Rxb3 Qxb3 20. Qxb3 Bxc1 21. Qa2
Bxe3+ 22. Kh1 Rb1+ 23. Bf1 Rxf1+ 24. Kg2 Be4 25. Kxf1 Rb8 26. c4 Rb1+ 27. Ne1
Nxd4 28. Qxb1 Bxb1 29. a5 Nc6 30. Ng2 d4 31. a6 f6 32. f5 exf5 33. Nh4 d3 34.
exd3 Bxd3+ 35. Kg2 Be4+ 36. Kf1 g5 37. Nxf5 Bxf5 38. Ke2 Bg1 39. Kf1 Bxh2 40.
Kg2 Bxg3 41. Kxg3 Bc8 42. Kf3 Bxa6 43. Ke3 Kg7 44. Ke4 h5 45. Kf5 Kh6 46. Ke6
h4 47. Kxf6 h3 48. Ke6 h2 49. Kd7 h1=Q 50. Kxc7 Nb4 51. Kb6 Bxc4 52. Ka5 Qa1+
53. Kb6 Qa2 54. Kc5 Nd3+ 55. Kd4 Ba6 56. Ke4 Qc4+ 57. Kf5 Nb2 58. Kf6 Qd5 59.
Ke7 Kh5 60. Kf6 g4 61. Kg7 g3 62. Kf6 g2 63. Kg7 g1=Q+ 64. Kf6 Qgd4+ 65. Ke7
Q5e5+ 66. Kf7 Qdf4+ 67. Kg8 Kh4 68. Kh7 Qeg5 69. Kh8 Kg3 70. Kh7 Qfh4# 0-1

[Event "Junior Online 4NCL Division 5"]
[Site "online"]
[Date "2020.05.07"]
[Round "4.52"]
[White "Syed, Adeeb"]
[Black "Golding, Daniel"]
[Result "1-0"]
[WhiteElo "842"]
[BlackElo "700"]
[PlyCount "97"]
[EventDate "2020.05.07"]
[WhiteTeam "Leicestershire Juniors 5"]
[BlackTeam "Friar Tucks"]

1. e4 e5 2. Nf3 Nc6 3. Bc4 Bc5 4. d3 d6 5. Ng5 Nf6 6. Nxf7 O-O 7. Nxd8+ Rf7 8.
Bxf7+ Kf8 9. Nxc6 Bg4 10. f4 Bxd1 11. Kxd1 bxc6 12. Bc4 exf4 13. Bxf4 Bd4 14.
Nc3 Bxc3 15. bxc3 d5 16. exd5 cxd5 17. Bb5 a6 18. Bc6 Rd8 19. Bxc7 Ke7 20.
Bxd8+ Kxd8 21. Ba4 Ng4 22. Rf1 Nxh2 23. Rf7 Ng4 24. Rxg7 Nf6 25. Rb1 Ne8 26.
Rd7+ Kc8 27. Rxh7 Nf6 28. Rh8+ Kc7 29. Rbb8 Kd6 30. Be8 Ke7 31. Bg6 Nd7 32. Bf5
Nxb8 33. Rh7+ Kd6 34. Rh8 Nc6 35. Rh6+ Ke7 36. Rxc6 Kf7 37. Rxa6 Ke7 38. g4 Kf7
39. g5 Kg8 40. g6 d4 41. Ra8+ Kg7 42. cxd4 Kf6 43. Ra5 Kg7 44. d5 Kf8 45. d6
Ke8 46. Ra7 Kf8 47. d7 Ke7 48. g7 Kf7 49. d8=Q# 1-0

[Event "Junior Online 4NCL Division 5"]
[Site "online"]
[Date "2020.05.07"]
[Round "4.55"]
[White "Saxby, Ben"]
[Black "Friedersdorff, Finlay"]
[Result "1-0"]
[WhiteElo "917"]
[BlackElo "887"]
[PlyCount "62"]
[EventDate "2020.05.07"]
[WhiteTeam "Manchester Juniors D"]
[BlackTeam "Leicestershire Juniors 6"]

1. e4 e5 2. Nc3 Nf6 3. Nf3 Nc6 4. d3 Bc5 5. Bg5 d6 6. Be2 Nd4 7. Nxd4 Bxd4 8.
Nb5 Bxf2+ 9. Kxf2 Ng4+ 10. Kg1 Qxg5 11. Bxg4 Qe3+ 12. Kf1 O-O 13. Qe2 Qf4+ 14.
Qf3 Qg5 15. Nxc7 Bxg4 16. Qg3 Rac8 17. Nd5 Rxc2 18. h4 Qg6 19. Ne7+ Kh8 20.
Nxg6+ Kg8 21. Nxf8 Kxf8 22. Qxg4 Rxb2 23. Qd1 Rb6 24. Rb1 Rc6 25. Rc1 Rxc1 26.
Qxc1 g6 27. Qc8+ Ke7 28. Kf2 Kf6 29. Rh3 Kg7 30. h5 g5 31. h6+ Kg6 1-0

[Event "Junior Online 4NCL Division 5"]
[Site "online"]
[Date "2020.05.07"]
[Round "4.56"]
[White "Sreenivas, Rohit"]
[Black "Turner, Rufus"]
[Result "1-0"]
[WhiteElo "850"]
[BlackElo "850"]
[PlyCount "117"]
[EventDate "2020.05.07"]
[WhiteTeam "Leicestershire Juniors 6"]
[BlackTeam "Manchester Juniors D"]

1. e4 e5 2. Qh5 Nf6 3. Qxe5+ Be7 4. Qg3 Bb4 5. Qxg7 Ke7 6. Qg5 c6 7. c3 Bc5 8.
Nh3 Qa5 9. b4 Qb6 10. Qg7 Bxf2+ 11. Nxf2 Rd8 12. Qg3 d6 13. Qe3 d5 14. Qxb6
axb6 15. exd5 cxd5 16. h3 d4 17. cxd4 Kf8 18. Ng4 Re8+ 19. Be2 Be6 20. Nxf6 Rd8
21. Nxh7+ Kg7 22. Bd3 Rxd4 23. Bc2 b5 24. Ng5 Bf5 25. Nf3 Rf4 26. Bxf5 Rxf5 27.
Nh4 Re5+ 28. Kf1 Nc6 29. Nf3 Re4 30. Nc3 Rxb4 31. Nd5 Rc4 32. Nb6 Rf4 33. Nxa8
b4 34. a4 b3 35. a5 Nxa5 36. Rxa5 b2 37. Bxb2+ f6 38. Rb5 b6 39. Rxb6 Kg6 40.
d4 Re4 41. d5 Re8 42. d6 f5 43. Rb7 f4 44. d7 Rxa8 45. Bc1 Kf5 46. Bd2 Ke4 47.
Ba5 Ke3 48. d8=Q Rxd8 49. Bxd8 Kd3 50. Re7 Kc2 51. Rd7 Kc3 52. Bf6+ Kb4 53. Rc7
Kb3 54. Bh4 Kb2 55. Kf2 Kb3 56. Rd1 Kb2 57. Rd8 Kb3 58. Rb8+ Ka3 59. Ra7# 1-0

[Event "Junior Online 4NCL Division 5"]
[Site "online"]
[Date "2020.05.07"]
[Round "4.57"]
[White "Pickett, George"]
[Black "Kadir, Karo"]
[Result "0-1"]
[WhiteElo "775"]
[BlackElo "850"]
[PlyCount "108"]
[EventDate "2020.05.07"]
[WhiteTeam "Manchester Juniors D"]
[BlackTeam "Leicestershire Juniors 6"]

1. e4 e5 2. Bc4 Nc6 3. Nc3 Nf6 4. Nf3 Bc5 5. O-O d6 6. d3 O-O 7. Be3 Qe8 8. h3
Bxe3 9. fxe3 Be6 10. Bb5 Qd7 11. b4 a6 12. Ba4 b5 13. Bb3 Nxb4 14. a3 Nc6 15.
Qe1 Bxb3 16. cxb3 Qe6 17. Rb1 Na5 18. b4 Nc6 19. Rf2 Rab8 20. Nh2 Ra8 21. Re2
a5 22. bxa5 Rxa5 23. Rb3 Rb8 24. Nd5 Nxd5 25. exd5 Qxd5 26. Rc3 Ne7 27. Qg3 c6
28. Nf3 f6 29. Nh4 Kf8 30. e4 Qe6 31. Qf3 Rba8 32. Qh5 Qf7 33. Qxh7 Rxa3 34.
Qh8+ Ng8 35. Nf5 Rxc3 36. Nxd6 Qe7 37. Nf5 Qf7 38. Nd6 Qg6 39. Nxb5 Rxd3 40.
Nd6 Rd8 41. Nb7 Rb8 42. Nc5 Rd1+ 43. Kh2 Rb6 44. Ne6+ Kf7 45. Nd8+ Kf8 46. Ra2
Rxd8 47. g4 Qxe4 48. Qh5 Qf4+ 49. Kg2 Qe4+ 50. Kg3 Rd3+ 51. Kf2 Qd4+ 52. Ke2
Qe3+ 53. Kf1 Rb1+ 54. Kg2 Qg3# 0-1

[Event "Junior Online 4NCL Division 5"]
[Site "online"]
[Date "2020.05.07"]
[Round "4.58"]
[White "Harper, Lauren"]
[Black "Hitchman, George S"]
[Result "1/2-1/2"]
[WhiteElo "767"]
[BlackElo "760"]
[PlyCount "32"]
[EventDate "2020.05.07"]
[WhiteTeam "Leicestershire Juniors 6"]
[BlackTeam "Manchester Juniors D"]

1. e4 e5 2. Nc3 Bc5 3. Nf3 d6 4. d4 Bg4 5. dxc5 Bxf3 6. Qxf3 Qf6 7. Bb5+ Kd8 8.
O-O Nh6 9. Bxh6 Qxh6 10. cxd6 Qxd6 11. Rfd1 Re8 12. Rxd6+ cxd6 13. Bxe8 Kxe8
14. Rd1 Nd7 15. Qg3 Kf8 16. f4 Kg8 1/2-1/2

[Event "Junior Online 4NCL Division 5"]
[Site "online"]
[Date "2020.05.07"]
[Round "4.59"]
[White "Friedersdorff, Finlay"]
[Black "Saxby, Ben"]
[Result "0-1"]
[WhiteElo "887"]
[BlackElo "917"]
[PlyCount "78"]
[EventDate "2020.05.07"]
[WhiteTeam "Leicestershire Juniors 6"]
[BlackTeam "Manchester Juniors D"]

1. e4 e5 2. Nf3 Nc6 3. Bc4 Nf6 4. Nc3 Na5 5. Bb5 a6 6. Be2 Bc5 7. d3 Ng4 8. O-O
O-O 9. Bg5 f6 10. Bh6 Nxh6 11. Nh4 f5 12. Nxf5 Nxf5 13. exf5 Rxf5 14. Bg4 d6
15. Bxf5 Bxf5 16. Qh5 g6 17. Qh6 Bb4 18. Nd5 Be6 19. Nxb4 c5 20. Nxa6 bxa6 21.
Rae1 Ra7 22. Re4 Bd5 23. Rg4 Qe8 24. c3 Bxa2 25. d4 cxd4 26. cxd4 exd4 27. Rxd4
Rd7 28. Ra4 Nc4 29. Rxa2 Re7 30. Raa1 Ne5 31. f4 Nf7 32. f5 Nxh6 33. Rfb1 Nxf5
34. Kf2 Re2+ 35. Kf1 Nd4 36. Ra4 Qf8+ 37. Kg1 Qf2+ 38. Kh1 Re1+ 39. Rxe1 Qxe1#
0-1

[Event "Junior Online 4NCL Division 5"]
[Site "online"]
[Date "2020.05.07"]
[Round "4.60"]
[White "Turner, Rufus"]
[Black "Sreenivas, Rohit"]
[Result "0-1"]
[WhiteElo "850"]
[BlackElo "850"]
[PlyCount "20"]
[EventDate "2020.05.07"]
[WhiteTeam "Manchester Juniors D"]
[BlackTeam "Leicestershire Juniors 6"]

1. Nf3 e6 2. Ne5 d6 3. Ng4 e5 4. h4 Bxg4 5. f3 Bc8 6. g4 b6 7. Rh3 f5 8. f4
fxg4 9. Re3 Qxh4+ 10. Rg3 Qxg3# 0-1

[Event "Junior Online 4NCL Division 5"]
[Site "online"]
[Date "2020.05.07"]
[Round "4.61"]
[White "Kadir, Karo"]
[Black "Pickett, George"]
[Result "1-0"]
[WhiteElo "850"]
[BlackElo "775"]
[PlyCount "83"]
[EventDate "2020.05.07"]
[WhiteTeam "Leicestershire Juniors 6"]
[BlackTeam "Manchester Juniors D"]

1. e4 e5 2. Nf3 Nc6 3. Nc3 Nf6 4. Bc4 Bc5 5. d3 d6 6. O-O Nh5 7. Qe2 Qf6 8. Re1
Qg6 9. Be3 Bh3 10. Qf1 Bxg2 11. Qxg2 Qf6 12. Bg5 Nf4 13. Bxf6 Nxg2 14. Kxg2
gxf6 15. Nd5 Rg8+ 16. Kf1 O-O-O 17. Ne7+ Nxe7 18. Bxf7 Rg7 19. Be6+ Kb8 20.
Red1 Rdg8 21. Ke2 Rh8 22. d4 exd4 23. Nxd4 Re8 24. Nf5 Nxf5 25. Bxf5 Rg5 26. f3
Rg2+ 27. Kd3 Rf2 28. Bd7 Rd8 29. Bg4 Rg2 30. Bf5 Rxh2 31. Rd2 Rh3 32. Bxh3 Rg8
33. Rg2 Rf8 34. c3 Rd8 35. b4 Bb6 36. a4 d5 37. Ke2 Re8 38. a5 Bxa5 39. bxa5
dxe4 40. fxe4 Rxe4+ 41. Kf3 Rc4 42. Rg8# 1-0

[Event "Junior Online 4NCL Division 5"]
[Site "online"]
[Date "2020.05.07"]
[Round "4.65"]
[White "Blythe, Harry"]
[Black "Das, Anish"]
[Result "0-1"]
[WhiteElo "433"]
[BlackElo "887"]
[PlyCount "80"]
[EventDate "2020.05.07"]
[WhiteTeam "PSE Jaguars"]
[BlackTeam "Blue Foxes 1"]

1. Nc3 e5 2. Nf3 Nc6 3. e4 Bc5 4. Bb5 a6 5. Bc4 b5 6. Be2 Nf6 7. b4 Bxb4 8. Nd5
O-O 9. Nxb4 Nxb4 10. a3 Nc6 11. d4 exd4 12. Nxd4 Qe7 13. Nxc6 dxc6 14. Bf3 Rd8
15. Qe2 b4 16. axb4 Qxb4+ 17. Kf1 Rd1+ 18. Qxd1 Nxe4 19. Bh5 Nc3 20. Qf3 Bg4
21. Bxg4 Rd8 22. Bf5 Rd1+ 23. Qxd1 Nxd1 24. Rxa6 g6 25. Ra8+ Kg7 26. Bd3 Qb1
27. Be3 Nxe3+ 28. Ke2 Qxh1 29. c4 Nf1 30. c5 Nxh2 31. Ra6 Qf1+ 32. Kd2 Qxf2+
33. Kc3 Qxc5+ 34. Kb3 Qd4 35. Kc2 Nf1 36. Ra8 c5 37. Re8 c4 38. Bxc4 Qxc4+ 39.
Kb2 Nd2 40. Ka3 Qb3# 0-1

[Event "Junior Online 4NCL Division 5"]
[Site "online"]
[Date "2020.05.07"]
[Round "4.66"]
[White "Kula, Michal"]
[Black "Thomas, Poppy"]
[Result "1-0"]
[WhiteElo "850"]
[BlackElo "415"]
[PlyCount "37"]
[EventDate "2020.05.07"]
[WhiteTeam "Blue Foxes 1"]
[BlackTeam "PSE Jaguars"]

1. e4 e5 2. Nf3 Bd6 3. Bc4 Qf6 4. d3 b5 5. Bb3 Qg6 6. Nh4 Qf6 7. g3 Nh6 8. Nc3
Bb4 9. a3 Bd6 10. Nd5 Nc6 11. Nxf6+ Kf8 12. Nxd7+ Bxd7 13. Qf3 Nd4 14. Qd1 Bg4
15. f3 Bxf3 16. Nxf3 Nxf3+ 17. Qxf3 Re8 18. Bxh6 gxh6 19. Qxf7# 1-0

[Event "Junior Online 4NCL Division 5"]
[Site "online"]
[Date "2020.05.07"]
[Round "4.67"]
[White "Mansouri, Lily"]
[Black "Das, Aman"]
[Result "1-0"]
[WhiteElo "346"]
[BlackElo "850"]
[PlyCount "49"]
[EventDate "2020.05.07"]
[WhiteTeam "PSE Jaguars"]
[BlackTeam "Blue Foxes 1"]

1. Nf3 Nc6 2. Nc3 Nf6 3. e4 e5 4. d4 exd4 5. Na4 Bb4+ 6. Bd2 O-O 7. Bc4 Nxe4 8.
O-O d5 9. Bb5 Bg4 10. Bg5 Qd6 11. h3 Qf4 12. Bxf4 Ng3 13. fxg3 Rae8 14. a3 Be1
15. Rxe1 Rxe1+ 16. Qxe1 a6 17. Bd3 b5 18. Nc5 Bxf3 19. gxf3 h6 20. Bxc7 Nd8 21.
Qe5 Nc6 22. Qd6 Rd8 23. Qxc6 Rd6 24. Bxd6 Kh8 25. Qc8# 1-0

[Event "Junior Online 4NCL Division 5"]
[Site "online"]
[Date "2020.05.07"]
[Round "4.68"]
[White "Polyzos, Apostolos"]
[Black "Jacques, Benji"]
[Result "0-1"]
[WhiteElo "850"]
[BlackElo "346"]
[PlyCount "26"]
[EventDate "2020.05.07"]
[WhiteTeam "Blue Foxes 1"]
[BlackTeam "PSE Jaguars"]

1. e4 e5 2. Bc4 Nf6 3. Qf3 Nc6 4. Qd1 Nxe4 5. Qf3 Nf6 6. Nh3 Nd4 7. Qe3 Nxc2+
8. Ke2 Nxe3 9. Kxe3 Ng4+ 10. Kf3 d6 11. Nc3 Qf6+ 12. Kg3 h5 13. Re1 h4# 0-1

[Event "Junior Online 4NCL Division 5"]
[Site "online"]
[Date "2020.05.07"]
[Round "4.69"]
[White "Das, Anish"]
[Black "Blythe, Harry"]
[Result "1-0"]
[WhiteElo "887"]
[BlackElo "433"]
[PlyCount "27"]
[EventDate "2020.05.07"]
[WhiteTeam "Blue Foxes 1"]
[BlackTeam "PSE Jaguars"]

1. e4 Nc6 2. Nc3 Nf6 3. Bc4 e5 4. Nf3 d6 5. O-O Bd7 6. d4 Qc8 7. dxe5 dxe5 8.
Bg5 Be6 9. Nd5 Bxd5 10. exd5 Na5 11. b3 Qd8 12. Nxe5 Nxd5 13. Bxd5 c6 14. Bxd8
1-0

[Event "Junior Online 4NCL Division 5"]
[Site "online"]
[Date "2020.05.07"]
[Round "4.70"]
[White "Thomas, Poppy"]
[Black "Kula, Michal"]
[Result "0-1"]
[WhiteElo "415"]
[BlackElo "850"]
[PlyCount "62"]
[EventDate "2020.05.07"]
[WhiteTeam "PSE Jaguars"]
[BlackTeam "Blue Foxes 1"]

1. e4 e5 2. Qg4 Nh6 3. Qe2 d6 4. Qb5+ c6 5. Qc4 Ng4 6. f3 Nh6 7. h4 b5 8. Qb4
Na6 9. Qc3 b4 10. Qxc6+ Bd7 11. Qxd6 Nc7 12. Qd3 Nb5 13. Qb3 Nd4 14. Qxb4 Nxc2+
15. Kd1 Nxb4 16. Bb5 Bxb5 17. d4 exd4 18. Bf4 Nd3 19. Ne2 Nf2+ 20. Ke1 Nxh1 21.
Kf1 Bd6 22. Bc1 O-O 23. Na3 Qc7 24. Nxb5 Qc6 25. Nxd6 Qxd6 26. Kg1 Ng3 27. Nxg3
Qxg3 28. Bd2 d3 29. Rf1 Rac8 30. Re1 Rc2 31. Bb4 Qxg2# 0-1

[Event "Junior Online 4NCL Division 5"]
[Site "online"]
[Date "2020.05.07"]
[Round "4.71"]
[White "Das, Aman"]
[Black "Mansouri, Lily"]
[Result "0-1"]
[WhiteElo "850"]
[BlackElo "346"]
[PlyCount "34"]
[EventDate "2020.05.07"]
[WhiteTeam "Blue Foxes 1"]
[BlackTeam "PSE Jaguars"]

1. Nf3 Nc6 2. Nc3 Nf6 3. d4 e5 4. dxe5 Nh5 5. Bg5 Be7 6. Bxe7 Qxe7 7. e4 O-O 8.
Bc4 h6 9. O-O Nb4 10. Qd5 Nxd5 11. Bxd5 c6 12. Ng5 Qxg5 13. Rfd1 cxd5 14. Nb1
dxe4 15. Rxd7 Bxd7 16. Nd2 Qxd2 17. Rd1 Qxd1# 0-1

[Event "Junior Online 4NCL Division 5"]
[Site "online"]
[Date "2020.05.07"]
[Round "4.72"]
[White "Jacques, Benji"]
[Black "Polyzos, Apostolos"]
[Result "1-0"]
[WhiteElo "346"]
[BlackElo "850"]
[PlyCount "125"]
[EventDate "2020.05.07"]
[WhiteTeam "PSE Jaguars"]
[BlackTeam "Blue Foxes 1"]

1. e4 e5 2. Nf3 Nf6 3. Nc3 Nc6 4. Bb5 Bb4 5. a3 Bd6 6. O-O O-O 7. Ng5 h6 8. Nf3
a6 9. Bd3 Nd4 10. Nxd4 exd4 11. Ne2 Bc5 12. b4 Bd6 13. Nxd4 Be7 14. Nf5 g6 15.
Nxh6+ Kg7 16. e5 d6 17. exf6+ Bxf6 18. Ng4 Bxg4 19. Qxg4 Qe8 20. Rb1 Rd8 21.
Bb2 Rh8 22. Bxf6+ Kxf6 23. Rfe1 Qd7 24. Qf4+ Kg7 25. Qd4+ Kg8 26. Qf4 Re8 27.
h3 f5 28. Bc4+ d5 29. Bd3 Rxe1+ 30. Rxe1 b5 31. Qg5 Qh7 32. Qd8+ Kf7 33. Re7+
Kf6 34. Qd7 Qxe7 35. Qxd5 Qe1+ 36. Bf1 Rh5 37. Qd8+ Qe7 38. Qd4+ Qe5 39. Qxe5+
Kxe5 40. Be2 Rh4 41. c3 Re4 42. Bd3 Re1+ 43. Kh2 Rd1 44. c4 bxc4 45. Bxc4 Rxd2
46. f3 Rd4 47. Bxa6 f4 48. b5 Rd3 49. b6 cxb6 50. Bxd3 g5 51. g3 fxg3+ 52. Kxg3
Kd5 53. Kg4 Kd4 54. Ba6 Ke5 55. Kxg5 Kd5 56. a4 Ke5 57. f4+ Ke4 58. h4 Kf3 59.
f5 Ke3 60. h5 b5 61. axb5 Ke2 62. b6+ Kd2 63. b7 1-0

[Event "Junior Online 4NCL Division 5"]
[Site "online"]
[Date "2020.05.07"]
[Round "4.75"]
[White "Mittal, Aarav"]
[Black "Withnall, Harry"]
[Result "1-0"]
[WhiteElo "812"]
[BlackElo "597"]
[PlyCount "141"]
[EventDate "2020.05.07"]
[WhiteTeam "Blue Foxes 2"]
[BlackTeam "PSE Tigers"]

1. e4 e5 2. Bc4 Nf6 3. g4 Nc6 4. g5 Be7 5. gxf6 Bxf6 6. Qh5 O-O 7. Nf3 d6 8.
Rg1 g6 9. Qg4 Bxg4 10. Rxg4 Nd4 11. Nxd4 exd4 12. c3 dxc3 13. dxc3 h5 14. Bh6
hxg4 15. Bxf8 Qxf8 16. Na3 g5 17. Rd1 Rd8 18. Nb5 a6 19. Nxc7 a5 20. b3 Rc8 21.
Nb5 g3 22. hxg3 b6 23. Rxd6 Qxd6 24. Nxd6 Bxc3+ 25. Kd1 Be5 26. Bxf7+ Kh7 27.
Nxc8 Bg7 28. e5 Bxe5 29. a4 g4 30. Nxb6 Bc7 31. Nd5 Bd6 32. Nf6+ Kg7 33. Ne4
Kxf7 34. Nxd6+ Kf6 35. b4 axb4 36. Kc1 Ke6 37. Nc4 Kd5 38. Nb6+ Kc5 39. a5 Kb5
40. Nd5 Kxa5 41. Ne3 b3 42. Kb2 Ka4 43. Kb1 Ka3 44. Nxg4 b2 45. f4 Kb3 46. f5
Ka3 47. f6 Kb3 48. f7 Ka3 49. f8=Q+ Kb3 50. Qb8+ Kc3 51. Qe5+ Kb3 52. Qxb2+ Kc4
53. Ne5+ Kd5 54. Nf3 Ke4 55. Qa2 Kxf3 56. Qa3+ Kg4 57. Qc1 Kxg3 58. Qf1 Kg4 59.
Qf2 Kg5 60. Qf3 Kg6 61. Qf4 Kg7 62. Qf5 Kg8 63. Qf6 Kh7 64. Qg5 Kh8 65. Kc2 Kh7
66. Kd3 Kh8 67. Ke4 Kh7 68. Kf5 Kh8 69. Kf6 Kh7 70. Kf7 Kh8 71. Qg7# 1-0

[Event "Junior Online 4NCL Division 5"]
[Site "online"]
[Date "2020.05.07"]
[Round "4.76"]
[White "Pearn, Alex"]
[Black "Jackson, Will"]
[Result "1-0"]
[WhiteElo "593"]
[BlackElo "850"]
[PlyCount "39"]
[EventDate "2020.05.07"]
[WhiteTeam "PSE Tigers"]
[BlackTeam "Blue Foxes 2"]

1. d4 d5 2. Nf3 Bg4 3. Nc3 e6 4. Bg5 Be7 5. Bxe7 Nxe7 6. e4 dxe4 7. Nxe4 Bxf3
8. Qxf3 Qd5 9. Rd1 e5 10. dxe5 Qxe5 11. Bc4 O-O 12. O-O g6 13. Nc3 Qc5 14. Qf4
g5 15. Qg4 Nbc6 16. Bb5 Rad8 17. Rxd8 Nxd8 18. Bd3 a6 19. Qh5 Qe5 20. Qxh7# 1-0

[Event "Junior Online 4NCL Division 5"]
[Site "online"]
[Date "2020.05.07"]
[Round "4.77"]
[White "Gadhia, Sathya"]
[Black "Howell, Lloyd"]
[Result "1/2-1/2"]
[WhiteElo "812"]
[BlackElo "426"]
[PlyCount "40"]
[EventDate "2020.05.07"]
[WhiteTeam "Blue Foxes 2"]
[BlackTeam "PSE Tigers"]

1. b4 e5 2. Nf3 d6 3. Nc3 Nc6 4. e4 Nf6 5. Bb5 a6 6. Bxc6+ bxc6 7. O-O d5 8.
Nxe5 dxe4 9. Nxe4 Nxe4 10. Nxc6 Qd7 11. Ne5 Qe7 12. Qf3 Nf6 13. Qxa8 Ng4 14.
Nxg4 Qh4 15. Qxc8+ Ke7 16. Qxc7+ Ke8 17. Qc8+ Ke7 18. Qc7+ Ke8 19. Qc8+ Ke7 20.
Qc7+ Ke8 1/2-1/2

[Event "Junior Online 4NCL Division 5"]
[Site "online"]
[Date "2020.05.07"]
[Round "4.79"]
[White "Withnall, Harry"]
[Black "Mittal, Aarav"]
[Result "1/2-1/2"]
[WhiteElo "597"]
[BlackElo "812"]
[PlyCount "62"]
[EventDate "2020.05.07"]
[WhiteTeam "PSE Tigers"]
[BlackTeam "Blue Foxes 2"]

1. e4 e5 2. Nf3 Nf6 3. Nc3 Nc6 4. Bc4 Bc5 5. O-O O-O 6. d3 d6 7. Bg5 Bg4 8. h3
Bxf3 9. gxf3 h6 10. Bxf6 gxf6 11. Na4 Kh7 12. Nxc5 dxc5 13. c3 Rg8+ 14. Kh1 Rg3
15. fxg3 Qg8 16. Rg1 Na5 17. Bb5 c6 18. Ba4 b5 19. Bb3 Nxb3 20. axb3 h5 21. c4
h4 22. gxh4 Qf8 23. cxb5 cxb5 24. h5 Qh6 25. Qd2 Qxh5 26. Qh2 Rh8 27. Rxa7
Qxf3+ 28. Rg2 Qf1+ 29. Rg1 Qf3+ 30. Rg2 Qd1+ 31. Rg1 Qf3+ 1/2-1/2